000 00756nmm a2200289 a 4500
003 AR-BaBNM
005 20251128211620.0
008 115020s1993 ||||||||||||||000 | spa||
020 _a950-819-003-5
040 _cAR-BaBNM
245 1 0 _aNueva enciclopedia de la provincia de Santa Fe
260 _aMendoza
_bEdiciones Sudamericana Santa Fe
_c1993
300 0 _a4 v.
650 4 _aASTRONOMIA
650 4 _aHISTORIA PROVINCIAL ARGENTINA
650 4 _aHISTORIA SANTAFESINA
650 4 _aGEOGRAFIA
650 4 _aDEPORTE
650 4 _aCULTURAS POPULARES
650 4 _aARQUEOLOGIA
650 4 _aENCICLOPEDIAS
651 4 _aSanta Fe
655 _aREFERENCIA
700 1 _aRenna, Amílcar Damián
_eeditor
942 _cBK
998 _cmariana
999 _c20430
_d20430